|
|
|
|
| LEADER |
00712pam a22002178a 4500 |
| 001 |
00020636 |
| 005 |
20171026081022.0 |
| 008 |
110519s1979 ||||||Viesd |
| 041 |
0 |
# |
|a Vie
|
| 082 |
1 |
4 |
|a 895.922 3
|b N452Đ
|
| 100 |
0 |
# |
|a Tạ Bảo
|
| 245 |
0 |
0 |
|a Nỗi đau và tình thương
|c Tạ Bảo
|
| 260 |
# |
# |
|a TP HCM
|b Thanh niên
|c 1979
|
| 300 |
# |
# |
|a 117 tr.
|c 19 cm.
|
| 650 |
# |
4 |
|a Văn học Việt Nam
|
| 653 |
# |
# |
|a Truyện ngắn
|
| 852 |
# |
# |
|b Kho mượn
|j KM.0007156
|
| 852 |
# |
# |
|b Kho đọc
|j KD.0006042, KM.0009550
|
| 852 |
# |
# |
|j KD.0006042
|j KM.0007156
|j KM.0009550
|
| 910 |
0 |
# |
|a Hoa Lê
|d 19/05/2011
|
| 980 |
# |
# |
|a Trung tâm Học liệu Lê Vũ Hùng, Trường Đại học Đồng Tháp
|